[Event "Znojemska Rotunda 2006"]
[Site "?"]
[Date "2006.08.22"]
[Round "5.5"]
[White "Dobes, Oldrich"]
[Black "Snorek, Milan"]
[Result "1-0"]
[WhiteElo "2084"]
[BlackElo "2201"]
[PlyCount "109"]
[EventDate "2006.08.19"]

1. e4 e5 2. Nf3 Nf6 3. Nxe5 d6 4. Nf3 Nxe4 5. d4 d5 6. Bd3 Nc6 7. O-O Be7 8. c4
Nb4 9. Be2 O-O 10. Nc3 Bf5 11. a3 Nxc3 12. bxc3 Nc6 13. Re1 Re8 14. Be3 Bf6 15.
Nd2 h6 16. Bf3 dxc4 17. Nxc4 Qd7 18. Ra2 Rad8 19. Rd2 Ne7 20. Bf4 Nd5 21. Bxd5
Rxe1+ 22. Qxe1 Qxd5 23. Ne3 Qe6 24. Bxc7 Rc8 25. d5 Qe8 26. d6 Bxc3 27. Qd1 Bd7
28. Rd3 Qe5 29. Nd5 Re8 30. Ne7+ Kh8 31. Re3 Qd4 32. Rd3 Qe5 33. h3 b6 34. Re3
Qd4 35. Qe2 Kh7 36. Qc2+ g6 37. Rxc3 Ba4 38. Qd3 Qe5 39. Qe3 Qh5 40. Qf3 Qxf3
41. Rxf3 Kg7 42. Kh2 h5 43. Kg3 Bd7 44. Re3 f6 45. h4 Kf7 46. Kf4 Be6 47. Nc6
Bd7 48. Rxe8 Kxe8 49. Nxa7 b5 50. Ke4 g5 51. g3 f5+ 52. Kd5 f4 53. Nc6 fxg3 54.
fxg3 gxh4 55. gxh4 1-0

[Event "Znojemska Rotunda 2006"]
[Site "?"]
[Date "2006.08.22"]
[Round "5.6"]
[White "Smetak, Vaclav"]
[Black "Molik, Zdenek 1"]
[Result "0-1"]
[WhiteElo "2050"]
[BlackElo "2195"]
[PlyCount "96"]
[EventDate "2006.08.19"]

1. d4 Nf6 2. c4 c5 3. d5 b5 4. cxb5 a6 5. b6 a5 6. Nc3 d6 7. e4 Nbd7 8. Bb5 Ba6
9. Qe2 Bxb5 10. Qxb5 Qxb6 11. Qe2 g6 12. Nf3 Qb7 13. O-O Bg7 14. Rb1 O-O 15. b3
Rfb8 16. Rd1 Qa6 17. Qc2 Ng4 18. Bg5 Kf8 19. h3 Nge5 20. Nd2 Nb6 21. Kh1 Nd3
22. Nf3 Ne5 23. Nxe5 Bxe5 24. Bh6+ Kg8 25. f4 Bf6 26. Re1 Nd7 27. Na4 Rc8 28.
Nb2 Bd4 29. Rbd1 Qb5 30. Re2 Qb4 31. Rd3 f6 32. h4 Bxb2 33. Qxb2 a4 34. e5 dxe5
35. a3 Qb5 36. Rde3 c4 37. bxc4 Qxb2 38. Rxb2 Rxc4 39. Rb7 Rd8 40. g3 e4 41. g4
Kf7 42. h5 Nc5 43. Rb4 Rc1+ 44. Kg2 Rxd5 45. hxg6+ hxg6 46. Rb5 Rd2+ 47. Kg3
Rg1+ 48. Kh4 Rh2+ 0-1

[Event "Znojemska Rotunda 2006"]
[Site "?"]
[Date "2006.08.22"]
[Round "5.7"]
[White "Vavrousek, Petr"]
[Black "Fryc, Miroslav"]
[Result "0-1"]
[WhiteElo "1903"]
[BlackElo "2151"]
[PlyCount "146"]
[EventDate "2006.08.19"]

1. e4 c5 2. Nf3 Nc6 3. d4 cxd4 4. Nxd4 Nf6 5. Nc3 e5 6. Ndb5 d6 7. Nd5 Nxd5 8.
exd5 Nb8 9. c4 a6 10. Nc3 Be7 11. Be2 O-O 12. O-O f5 13. f4 Nd7 14. Be3 Bf6 15.
Rc1 exf4 16. Bxf4 Ne5 17. Be3 g5 18. Na4 f4 19. Bf2 g4 20. Bb6 Qe8 21. Rxf4 Qg6
22. Bc7 Qh6 23. g3 Bg5 24. Rxf8+ Qxf8 25. Rc3 Bf5 26. Qf1 b5 27. Bxd6 Nd3 28.
Rxd3 Bxd3 29. Qxf8+ Rxf8 30. Bxf8 Bxe2 31. Nc3 Be3+ 32. Kg2 Bxc4 33. Bd6 Bd4
34. a3 Kf7 35. h3 h5 36. hxg4 hxg4 37. Bf4 a5 38. d6 Ke6 39. Nd1 Be2 40. Nc3
Bd3 41. Nd1 Bc4 42. Nc3 b4 43. axb4 axb4 44. Nd1 Be2 45. Ne3 Bxb2 46. Kf2 Bf3
47. Nc4 Bd4+ 48. Ke1 b3 49. Bc1 Bd5 50. Bb2 Bc5 51. d7 Ke7 52. Ne5 Be6 53. Kd2
Bxd7 54. Nxd7 Kxd7 55. Kc3 Ke6 56. Kxb3 Kd5 57. Bf6 Ke4 58. Kc4 Bf2 59. Bh4 Kf3
60. Kd3 Bxg3 61. Bd8 Be1 62. Bc7 Bg3 63. Bd8 Kg2 64. Ke2 Kh3 65. Kf1 Bd6 66.
Bb6 g3 67. Kg1 g2 68. Kf2 Kh2 69. Kf3 Kh1 70. Kg4 Bh2 71. Kh3 Bg1 72. Bc7 Bd4
73. Bh2 Bf2 0-1

[Event "Znojemska Rotunda 2006"]
[Site "?"]
[Date "2006.08.22"]
[Round "5.8"]
[White "Lasinskas, Povilas"]
[Black "Horak, Karel sen"]
[Result "1-0"]
[WhiteElo "2124"]
[BlackElo "1786"]
[PlyCount "85"]
[EventDate "2006.08.19"]

1. d4 Nf6 2. c4 e6 3. Nf3 d5 4. Bg5 Be7 5. e3 O-O 6. Nc3 h6 7. Bh4 b6 8. Bxf6
Bxf6 9. cxd5 exd5 10. Bd3 Be6 11. O-O Qe7 12. Ne2 Rd8 13. Nf4 Bc8 14. Qb3 Bb7
15. Nh5 Nd7 16. Rad1 g6 17. Nf4 Nf8 18. Bb1 c5 19. dxc5 Qxc5 20. Rc1 Qd6 21.
Rfd1 Ne6 22. Nxe6 Qxe6 23. Nd4 Qd7 24. h3 Rac8 25. Rc2 Rc5 26. Rcd2 Rdc8 27.
Ne2 Bc6 28. Qb4 Ba4 29. b3 Bb5 30. Bd3 Bc6 31. Qf4 Bg5 32. Qg3 Qc7 33. Qxc7
Rxc7 34. b4 Rc4 35. Bxc4 dxc4 36. Rc1 b5 37. a4 a6 38. axb5 axb5 39. Nd4 Be8
40. Ra2 Be7 41. Ra8 Kf8 42. Nxb5 Rb7 43. Rxc4 1-0

[Event "Znojemska Rotunda 2006"]
[Site "?"]
[Date "2006.08.22"]
[Round "5.9"]
[White "Bilek, Martin"]
[Black "Guzma, Vladimir"]
[Result "1-0"]
[WhiteElo "1828"]
[BlackElo "1567"]
[PlyCount "49"]
[EventDate "2006.08.19"]

1. e4 c5 2. Nf3 Nc6 3. d4 cxd4 4. Nxd4 e5 5. Nb5 a6 6. Nd6+ Bxd6 7. Qxd6 Qf6 8.
Qd3 d5 9. Qxd5 Be6 10. Qd1 Rd8 11. Bd2 Nge7 12. c3 Qg6 13. f3 O-O 14. g4 h5 15.
gxh5 Qxh5 16. Qe2 f5 17. Rg1 fxe4 18. fxe4 Qh4+ 19. Rg3 Qf6 20. Qg2 Rf7 21. Bg5
Qg6 22. Bxe7 Rxf1+ 23. Kxf1 Rd1+ 24. Kf2 Qf7+ 25. Qf3 1-0

[Event "Znojemska Rotunda 2006"]
[Site "?"]
[Date "2006.08.22"]
[Round "5.10"]
[White "Horak, Karel jun"]
[Black "Bastyr, Pavel"]
[Result "1-0"]
[WhiteElo "1794"]
[BlackElo "1541"]
[PlyCount "62"]
[EventDate "2006.08.19"]

1. e4 e5 2. Nf3 d6 3. d4 Nf6 4. dxe5 Nxe4 5. Qd5 Nc5 6. Bg5 Be6 7. Qxc5 dxc5 8.
Bxd8 Kxd8 9. Nc3 Nd7 10. O-O-O a6 11. Ng5 Be7 12. Nxe6+ fxe6 13. f4 Ke8 14. Bc4
Nf8 15. f5 Bg5+ 16. Kb1 Bf4 17. fxe6 Bxe5 18. Ne4 b5 19. Bd5 Rd8 20. Nxc5 Rd6
21. Ne4 Rb6 22. Ng5 Ng6 23. Nf7 Rf8 24. Nxe5 Nxe5 25. Rhe1 Ng4 26. e7 Rf2 27.
Bf7+ Kxf7 28. e8=Q+ Kf6 29. h3 Nh6 30. Qe5+ Kf7 31. Rd7+ Kg8 1-0

[Event "Znojemska Rotunda 2006"]
[Site "?"]
[Date "2006.08.22"]
[Round "5.11"]
[White "Adam, Petr jun"]
[Black "Kukla, Tomas"]
[Result "1-0"]
[WhiteElo "1497"]
[BlackElo "1590"]
[PlyCount "89"]
[EventDate "2006.08.19"]

1. e4 d5 2. exd5 Nf6 3. Nc3 Bg4 4. Be2 Bxe2 5. Ngxe2 Nxd5 6. O-O Nxc3 7. dxc3
Nc6 8. Bf4 e5 9. Qxd8+ Rxd8 10. Be3 Bd6 11. b4 O-O 12. a4 Rd7 13. Rfd1 Rfd8 14.
Rd2 Be7 15. Rad1 Rxd2 16. Rxd2 Rxd2 17. Bxd2 f5 18. f4 Bd6 19. fxe5 Nxe5 20.
Nd4 Nc4 21. Bc1 g6 22. g3 a6 23. Nb3 Kf7 24. Kf2 Ke6 25. Ke2 Kd5 26. Bf4 Bxf4
27. gxf4 b6 28. a5 Ke4 29. b5 bxa5 30. bxa6 a4 31. Nc5+ Kd5 32. Nxa4 Kc6 33.
Kd3 Nb6 34. a7 Na8 35. Kd4 h6 36. h4 Kd6 37. c4 c6 38. c5+ Ke6 39. Nb6 Nc7 40.
a8=Q Nxa8 41. Nxa8 Kf6 42. Nb6 g5 43. Nd7+ Kg6 44. Ne5+ Kh5 45. fxg5 1-0

[Event "Znojemska Rotunda 2006"]
[Site "?"]
[Date "2006.08.22"]
[Round "5.12"]
[White "Pokorny, Jan"]
[Black "Malar, Josef"]
[Result "0-1"]
[WhiteElo "1710"]
[BlackElo "1541"]
[PlyCount "72"]
[EventDate "2006.08.19"]

1. e4 e5 2. Nf3 d6 3. d4 Nf6 4. Bd3 Bg4 5. c3 Nbd7 6. Be3 Be7 7. h3 Bh5 8. Nbd2
O-O 9. g4 Bg6 10. Nh4 d5 11. Nf5 Bxf5 12. gxf5 exd4 13. Bxd4 dxe4 14. Nxe4 Nxe4
15. Bxe4 Rb8 16. Bxa7 Ra8 17. Be3 c6 18. Qc2 Nf6 19. Bd3 Re8 20. O-O Qd5 21.
Qe2 Bd6 22. f4 Rxe3 23. Qxe3 Bc5 24. Rae1 Bxe3+ 25. Rxe3 Re8 26. Rg3 Qc5+ 27.
Kg2 Re3 28. Rff3 Rxf3 29. Rxf3 Qd5 30. c4 Qd4 31. b4 Nh5 32. Bf1 Qd2+ 33. Rf2
Nxf4+ 34. Kg3 Qe3+ 35. Rf3 Ne2+ 36. Kg4 Qe4+ 0-1

[Event "Znojemska Rotunda 2006"]
[Site "?"]
[Date "2006.08.22"]
[Round "5.13"]
[White "Havel, Vojtech"]
[Black "Tran, Adam"]
[Result "1-0"]
[WhiteElo "1571"]
[BlackElo "1459"]
[PlyCount "57"]
[EventDate "2006.08.19"]

1. d4 e6 2. c4 d5 3. Nf3 Ne7 4. Nc3 g6 5. e3 Bg7 6. Bd3 c6 7. O-O O-O 8. e4 b6
9. Be3 Bb7 10. Rc1 f5 11. e5 a5 12. Qd2 Qd7 13. Bh6 dxc4 14. Bxc4 b5 15. Bb3
Ba6 16. Rfd1 a4 17. Bc2 Bb7 18. b3 axb3 19. Bxb3 Na6 20. Bxg7 Kxg7 21. Ng5 Nd5
22. Nxd5 cxd5 23. Rc3 Rfc8 24. Rh3 Kg8 25. Rxh7 Qc6 26. Qf4 Qc1 27. Rxc1 Rxc1+
28. Qxc1 Nb4 29. Qc7 1-0

[Event "Znojemska Rotunda 2006"]
[Site "?"]
[Date "2006.08.22"]
[Round "5.14"]
[White "Jadud, Oto"]
[Black "Jostic, Peter"]
[Result "0-1"]
[WhiteElo "1981"]
[BlackElo "1400"]
[PlyCount "48"]
[EventDate "2006.08.19"]

1. e4 e5 2. f4 exf4 3. Nf3 g5 4. Bc4 Bg7 5. O-O h6 6. d4 d6 7. c3 Ne7 8. Qb3
O-O 9. h4 Ng6 10. hxg5 hxg5 11. g3 g4 12. Ne1 f3 13. Nxf3 gxf3 14. Rxf3 Qe7 15.
Nd2 Nc6 16. Qb5 Bg4 17. Rf2 a6 18. Qxb7 Na5 19. Qd5 Nxc4 20. Qxc4 Bh6 21. Qd5
Be3 22. Nc4 Bxf2+ 23. Kxf2 Qf6+ 24. Kg1 Qf3 0-1

[Event "Znojemska Rotunda 2006"]
[Site "?"]
[Date "2006.08.22"]
[Round "5.15"]
[White "Holik, Jakub"]
[Black "Molik, Zdenek 2"]
[Result "0-1"]
[WhiteElo "1414"]
[BlackElo "1629"]
[PlyCount "120"]
[EventDate "2006.08.19"]

1. d4 d5 2. c4 e6 3. Nc3 Nf6 4. Bg5 Be7 5. e3 Nbd7 6. Nf3 c6 7. Bd3 dxc4 8.
Bxc4 Nd5 9. Bxe7 Qxe7 10. O-O O-O 11. e4 Nxc3 12. bxc3 b5 13. Bb3 Ba6 14. Re1
Qd8 15. Qd2 h6 16. Rad1 Bb7 17. a4 a6 18. c4 bxc4 19. Bxc4 Re8 20. Rb1 Rb8 21.
Qd3 a5 22. Rec1 Ba8 23. Qc3 Rxb1 24. Rxb1 Qc7 25. Rc1 Qb6 26. Bb3 Rb8 27. Bc2
Qc7 28. Qd3 g6 29. e5 Nb6 30. Nh4 Re8 31. Qe3 Kg7 32. Qf4 Qe7 33. Qg3 Qg5 34.
Qxg5 hxg5 35. Nf3 g4 36. Nd2 Rd8 37. Nb3 Nd5 38. Bd1 Nb4 39. Bxg4 f5 40. Bf3 g5
41. Nc5 Kf7 42. Nb3 g4 43. Be2 Kg6 44. Rc4 Rb8 45. Nxa5 Nc2 46. f4 Ne3 47. Rc3
Rb1+ 48. Kf2 Nd1+ 49. Bxd1 Rxd1 50. Nxc6 Bxc6 51. Rxc6 Rxd4 52. Rxe6+ Kg7 53.
a5 Rxf4+ 54. Ke3 Ra4 55. a6 f4+ 56. Kd3 f3 57. gxf3 gxf3 58. Rf6 f2 59. Rxf2
Rxa6 60. Ke4 Kg6 0-1

[Event "Znojemska Rotunda 2006"]
[Site "?"]
[Date "2006.08.23"]
[Round "6.1"]
[White "Docekal, Jan"]
[Black "Maslik, Miroslav"]
[Result "0-1"]
[WhiteElo "2159"]
[BlackElo "2226"]
[PlyCount "40"]
[EventDate "2006.08.19"]

1. e4 c5 2. b4 cxb4 3. d4 e6 4. Bd3 d5 5. e5 Nc6 6. Nf3 Nge7 7. a3 Nf5 8. axb4
Ncxd4 9. c3 Nxf3+ 10. Qxf3 Be7 11. h4 h5 12. g3 g6 13. O-O Bd7 14. Rd1 b5 15.
Ra5 a6 16. Be3 Nxe3 17. Qxe3 g5 18. hxg5 Bxg5 19. f4 Bh4 20. Kh2 Rg8 0-1

[Event "Znojemska Rotunda 2006"]
[Site "?"]
[Date "2006.08.23"]
[Round "6.2"]
[White "Skaroupka, Jiri"]
[Black "Blazek, Milos"]
[Result "1-0"]
[WhiteElo "2161"]
[BlackElo "2100"]
[PlyCount "63"]
[EventDate "2006.08.19"]

1. d4 Nf6 2. c4 e6 3. Nc3 Bb4 4. e3 O-O 5. Bd3 d5 6. Nge2 c5 7. a3 cxd4 8. exd4
Be7 9. c5 b6 10. b4 a5 11. Bb2 axb4 12. axb4 Rxa1 13. Qxa1 Nc6 14. Qa4 Bb7 15.
b5 Na5 16. c6 Bc8 17. Ba3 Re8 18. O-O Bxa3 19. Qxa3 e5 20. dxe5 Ng4 21. f4 Qh4
22. h3 Ne3 23. Rf3 Qe1+ 24. Kh2 Nf1+ 25. Rxf1 Qxf1 26. Qd6 Nb3 27. Nxd5 Nd2 28.
Ne7+ Kh8 29. Nxc8 Qf2 30. Ng1 Qxf4+ 31. Kh1 Rxc8 32. Qd7 1-0

[Event "Znojemska Rotunda 2006"]
[Site "?"]
[Date "2006.08.23"]
[Round "6.3"]
[White "Molik, Zdenek 1"]
[Black "Lasinskas, Povilas"]
[Result "1/2-1/2"]
[WhiteElo "2195"]
[BlackElo "2124"]
[PlyCount "90"]
[EventDate "2006.08.19"]

1. e4 e6 2. d3 d5 3. Nd2 Nc6 4. Ngf3 Nf6 5. g3 dxe4 6. dxe4 e5 7. Bg2 Bc5 8.
O-O Bg4 9. c3 Qe7 10. Qe2 a5 11. Qb5 Rb8 12. Nb3 Bb6 13. h3 Bd7 14. Qe2 O-O 15.
Bg5 h6 16. Be3 Bxe3 17. Qxe3 b6 18. Rfd1 Rbd8 19. Nbd2 Be6 20. Bf1 Rd6 21. Nc4
Bxc4 22. Bxc4 Rfd8 23. Bb3 Nb8 24. Kg2 Na6 25. Bc2 Kh7 26. Rxd6 Rxd6 27. Qe2
Nc5 28. Rd1 g6 29. Rxd6 Qxd6 30. Qc4 Kg7 31. a3 Ne6 32. b4 axb4 33. axb4 h5 34.
Bb3 c6 35. Qe2 b5 36. h4 Nh7 37. Qe3 Nf6 38. Ne1 Ng4 39. Qe2 Nf6 40. Nd3 Nf8
41. f3 N8d7 42. Qe3 Qb8 43. Qf2 Qd6 44. Qe3 Qb8 45. Qf2 Qd6 1/2-1/2

[Event "Znojemska Rotunda 2006"]
[Site "?"]
[Date "2006.08.23"]
[Round "6.4"]
[White "Dvorak, Libor"]
[Black "Fryc, Miroslav"]
[Result "0-1"]
[WhiteElo "2079"]
[BlackElo "2151"]
[PlyCount "64"]
[EventDate "2006.08.19"]

1. Nf3 g6 2. g3 Bg7 3. Bg2 c5 4. c4 Nc6 5. Nc3 e5 6. d3 Nge7 7. a3 d6 8. Rb1 f5
9. Nd5 O-O 10. e3 h6 11. b4 g5 12. b5 Nxd5 13. cxd5 Ne7 14. Nd2 Ng6 15. Nc4 Qf6
16. h4 gxh4 17. gxh4 Nxh4 18. Bf1 Ng6 19. Qh5 Bd7 20. f4 Be8 21. Qh2 Bf7 22.
fxe5 dxe5 23. e4 f4 24. Rb2 b6 25. Bh3 Rad8 26. Bg4 Rfe8 27. Rg2 Nf8 28. Rhg1
Nh7 29. Bb2 Ng5 30. Kf2 Kf8 31. Bf5 Rxd5 32. exd5 Qxf5 0-1

[Event "Znojemska Rotunda 2006"]
[Site "?"]
[Date "2006.08.23"]
[Round "6.5"]
[White "Dobes, Oldrich"]
[Black "Pokrupa, Marek"]
[Result "0-1"]
[WhiteElo "2084"]
[BlackElo "2142"]
[PlyCount "144"]
[EventDate "2006.08.19"]

1. e4 c5 2. Nf3 Nc6 3. d4 cxd4 4. Nxd4 g6 5. Be2 Bg7 6. Be3 Nf6 7. Nc3 O-O 8.
O-O d5 9. exd5 Nxd5 10. Nxd5 Qxd5 11. Bf3 Qa5 12. Nxc6 bxc6 13. Bxc6 Rb8 14.
Qd5 Qc7 15. Ba4 Rxb2 16. Qc5 Rb7 17. Rad1 Bf5 18. Rd5 Be6 19. Qxc7 Rxc7 20. Ra5
Bxa2 21. Bb3 Bxb3 22. cxb3 Ra8 23. g3 Rb7 24. Rd1 a6 25. Rxa6 Rab8 26. Rd3 Bf8
27. Bc5 Rxb3 28. Rxb3 Rxb3 29. Ra7 Rb1+ 30. Kg2 Re1 31. Rb7 f6 32. h4 Kf7 33.
Be3 Bg7 34. Ra7 h5 35. Ra6 Rd1 36. Ra7 Rd8 37. Bc5 Bf8 38. Be3 Ke6 39. Ra6+ Kf5
40. Kf3 Rc8 41. Ra5+ e5 42. Rb5 Rc3 43. Rb8 Bc5 44. Rc8 Bd4 45. Rxc3 Bxc3 46.
Kg2 Ke4 47. Bb6 Kd3 48. f3 Ke2 49. Bd8 f5 50. g4 Be1 51. gxh5 gxh5 52. Bf6 e4
53. fxe4 fxe4 54. Bg5 Bf2 55. Be7 Be3 56. Bd8 Ke1 57. Ba5+ Bd2 58. Bb6 Bf4 59.
Ba5+ Kd1 60. Bb6 Ke2 61. Bc5 Be3 62. Be7 Kd3 63. Bd8 Bd4 64. Bg5 Bc3 65. Bd8 e3
66. Bc7 Be1 67. Bb6 e2 68. Bc7 Bxh4 69. Ba5 Kc2 70. Bb4 Kd1 71. Ba5 Bg5 72. Bb4
Bd2 0-1

[Event "Znojemska Rotunda 2006"]
[Site "?"]
[Date "2006.08.23"]
[Round "6.6"]
[White "Petlak, Josef"]
[Black "Adam, Petr sen"]
[Result "0-1"]
[WhiteElo "2019"]
[BlackElo "2102"]
[PlyCount "120"]
[EventDate "2006.08.19"]

1. e4 d6 2. d4 Nf6 3. Nc3 g6 4. Bc4 Bg7 5. Qe2 c6 6. Bb3 O-O 7. Nf3 Na6 8. h3
Nc7 9. Bg5 Be6 10. O-O Bxb3 11. axb3 d5 12. e5 Nd7 13. b4 f6 14. exf6 exf6 15.
Be3 a6 16. Qd2 Re8 17. Rfe1 Qe7 18. Na4 Qf7 19. Nc5 Nxc5 20. bxc5 Re6 21. c3
Rae8 22. Nh2 Qe7 23. Kf1 f5 24. Nf3 Bf6 25. h4 Bxh4 26. Bf4 Bf6 27. Rxe6 Nxe6
28. Bd6 Qd8 29. Re1 Ng7 30. Be5 Bxe5 31. Nxe5 Ne6 32. g3 Qg5 33. Qd1 f4 34. Qf3
Qf5 35. g4 Qf6 36. Qh1 Nxc5 37. f3 Ne6 38. Kf2 Qd8 39. Re2 c5 40. dxc5 Nxc5 41.
Qd1 Ne6 42. Kg1 Qd6 43. Kh1 b5 44. Qd3 Kg7 45. c4 d4 46. Qe4 d3 47. Nxd3 Nc7
48. Ne5 bxc4 49. Kg2 Nd5 50. Kh3 Ne3 51. Nxc4 Rxe4 52. Nxd6 Rd4 53. Ne4 Rd1 54.
Kh2 h6 55. b3 Ra1 56. Nc5 Kf6 57. Kh3 g5 58. Rd2 Rh1+ 59. Rh2 Rf1 60. Rf2 Rh1+
0-1

[Event "Znojemska Rotunda 2006"]
[Site "?"]
[Date "2006.08.23"]
[Round "6.7"]
[White "Horak, Karel jun"]
[Black "Bilek, Martin"]
[Result "1/2-1/2"]
[WhiteElo "1794"]
[BlackElo "1828"]
[PlyCount "38"]
[EventDate "2006.08.19"]

1. e4 d5 2. exd5 Qxd5 3. Nc3 Qa5 4. d4 Nf6 5. Nf3 c6 6. Bd2 Qc7 7. Bc4 Bg4 8.
Qe2 e6 9. O-O-O Nbd7 10. h3 Bxf3 11. Qxf3 Nb6 12. Bb3 O-O-O 13. Rhe1 Rxd4 14.
Bg5 Rxd1+ 15. Rxd1 Nbd7 16. Qe2 Bd6 17. g3 h6 18. Bxf6 Nxf6 19. Bxe6+ Kb8
1/2-1/2

[Event "Znojemska Rotunda 2006"]
[Site "?"]
[Date "2006.08.23"]
[Round "6.9"]
[White "Snorek, Milan"]
[Black "Havel, Vojtech"]
[Result "1-0"]
[WhiteElo "2201"]
[BlackElo "1571"]
[PlyCount "101"]
[EventDate "2006.08.19"]

1. d4 d5 2. Nf3 Nf6 3. c4 e6 4. cxd5 exd5 5. Nc3 Bb4 6. Bg5 O-O 7. e3 Bf5 8.
Bd3 Bxd3 9. Qxd3 Nbd7 10. O-O c6 11. Rfc1 Qc7 12. Bf4 Qd8 13. a3 Ba5 14. b4 Bc7
15. Bxc7 Qxc7 16. Na4 Nb6 17. Nb2 a6 18. a4 Qe7 19. a5 Nbd7 20. Qb3 Ne4 21. Nd3
Nd6 22. Nc5 Nxc5 23. bxc5 Nb5 24. Qd3 Qe6 25. Rab1 Rfe8 26. g3 Qf6 27. Kg2 Re7
28. Ne5 Rae8 29. f3 Rxe5 30. dxe5 Qxe5 31. Rb3 Re6 32. Re1 Rh6 33. f4 Qh5 34.
h4 Rg6 35. e4 Re6 36. Rbb1 d4 37. e5 Qg4 38. f5 Re8 39. Qf3 Qxf3+ 40. Kxf3 Rd8
41. e6 fxe6 42. fxe6 d3 43. e7 Re8 44. Rbd1 Nd4+ 45. Kf2 Nc2 46. Re4 Kf7 47.
Rxd3 Rxe7 48. Rxe7+ Kxe7 49. Rb3 Nd4 50. Rxb7+ Kf6 51. Rb6 1-0

[Event "Znojemska Rotunda 2006"]
[Site "?"]
[Date "2006.08.23"]
[Round "6.10"]
[White "Malar, Josef"]
[Black "Vavrousek, Petr"]
[Result "0-1"]
[WhiteElo "1541"]
[BlackElo "1903"]
[PlyCount "100"]
[EventDate "2006.08.19"]

1. Nf3 d5 2. g3 c6 3. Bg2 Nf6 4. d4 Bg4 5. O-O Qc8 6. Re1 Nbd7 7. b3 e6 8. c4
Ne4 9. Nbd2 Bb4 10. a3 Bc3 11. Ra2 Qd8 12. Rf1 Ndf6 13. Nxe4 dxe4 14. Ne5 Bf5
15. e3 Ba5 16. b4 Bc7 17. Rd2 Qb8 18. Bb2 O-O 19. f3 exf3 20. Bxf3 Bxe5 21.
dxe5 Ne4 22. Bxe4 Bxe4 23. Rf4 Bg6 24. Bd4 b6 25. Rb2 Qc7 26. c5 Rfd8 27. Qc1
Rd5 28. Qc3 Rad8 29. Rd2 bxc5 30. bxc5 Qe7 31. Rff2 h5 32. h4 R5d7 33. Rb2 Rb7
34. Rxb7 Qxb7 35. Rb2 Qd7 36. Qc4 Be4 37. Qa6 Rc8 38. Rb7 Rc7 39. Rb2 f6 40.
Qe2 Qf7 41. exf6 gxf6 42. Rb8+ Kg7 43. Qb2 Re7 44. Be5 Kg6 45. Bd6 Rd7 46. Rf8
Qg7 47. Qb8 Kf5 48. Rg8 Qf7 49. Be7 e5 50. Bxf6 Rd1+ 0-1

[Event "Znojemska Rotunda 2006"]
[Site "?"]
[Date "2006.08.23"]
[Round "6.11"]
[White "Guzma, Vladimir"]
[Black "Horak, Karel sen"]
[Result "1/2-1/2"]
[WhiteElo "1567"]
[BlackElo "1786"]
[PlyCount "46"]
[EventDate "2006.08.19"]

1. e4 c5 2. Nf3 e6 3. d4 cxd4 4. Nxd4 a6 5. Nc3 Qc7 6. Be2 Nf6 7. O-O Nc6 8.
Be3 b5 9. f4 b4 10. e5 bxc3 11. exf6 gxf6 12. bxc3 Bb7 13. Rb1 Bh6 14. Qd3 Ne7
15. Bf3 Bxf3 16. Rxf3 Nd5 17. Bd2 Nb6 18. Re1 Nc4 19. Nf5 Nxd2 20. Nd6+ Ke7 21.
Nf5+ Ke8 22. Nd6+ Ke7 23. Nf5+ Ke8 1/2-1/2

[Event "Znojemska Rotunda 2006"]
[Site "?"]
[Date "2006.08.23"]
[Round "6.12"]
[White "Molik, Zdenek 2"]
[Black "Bastyr, Pavel"]
[Result "1-0"]
[WhiteElo "1629"]
[BlackElo "1541"]
[PlyCount "120"]
[EventDate "2006.08.19"]

1. e4 e5 2. Nf3 d6 3. d4 Nf6 4. Bg5 Nbd7 5. dxe5 dxe5 6. Nc3 Be7 7. h3 Nc5 8.
Qxd8+ Bxd8 9. Bd3 Nxd3+ 10. cxd3 h6 11. Be3 Nd7 12. O-O O-O 13. Rac1 c6 14. a3
Re8 15. Nd2 Nf8 16. f4 exf4 17. Bxf4 Ng6 18. Bg3 Bg5 19. Rcd1 Be6 20. Rf3 Rad8
21. Ne2 Ba2 22. Nc3 Be6 23. Ne2 Bc8 24. Nb3 Ne5 25. Bxe5 Rxe5 26. Nc3 Ree8 27.
Na5 Rd6 28. Nc4 Rg6 29. Ne3 Bxe3+ 30. Rxe3 Bxh3 31. Rxh3 Re5 32. Rf1 Rc5 33.
Rf5 Rxf5 34. exf5 Rg4 35. Rf3 Rd4 36. Kf2 c5 37. g3 c4 38. Ke2 cxd3+ 39. Rxd3
Rg4 40. Kf3 h5 41. Rd7 b6 42. Rxa7 Rd4 43. Re7 Rd2 44. Re2 Rd3+ 45. Kf4 Kh7 46.
Ne4 f6 47. Re3 Rd8 48. b4 Ra8 49. Nd6 Rf8 50. Ke4 Rd8 51. Nc4 b5 52. Nb2 Rd2
53. Nd3 Ra2 54. Nc5 Rc2 55. Rf3 Rd2 56. Nb3 Rd8 57. Nd4 Re8+ 58. Kd3 Re5 59.
Re3 Rd5 60. Re6 Kh6 1-0

[Event "Znojemska Rotunda 2006"]
[Site "?"]
[Date "2006.08.23"]
[Round "6.13"]
[White "Kukla, Tomas"]
[Black "Jostic, Peter"]
[Result "1-0"]
[WhiteElo "1590"]
[BlackElo "1400"]
[PlyCount "67"]
[EventDate "2006.08.19"]

1. e4 c5 2. Nf3 d6 3. d4 cxd4 4. Nxd4 Nf6 5. Nc3 a6 6. Be3 e6 7. Be2 Be7 8. a4
Nbd7 9. Nb3 Qc7 10. O-O b6 11. f4 Bb7 12. Bf3 O-O 13. Kh1 Rfd8 14. Qe1 Nc5 15.
Nxc5 bxc5 16. a5 d5 17. e5 Ne8 18. Na4 d4 19. Bd2 c4 20. Nb6 Ra7 21. Bxb7 Rxb7
22. Ra4 Rxb6 23. axb6 Qc6 24. Rxa6 Rc8 25. Qa1 Qb5 26. Qa4 Qxb2 27. Ra8 Rxa8
28. Qxa8 Qxb6 29. Qxe8+ Bf8 30. f5 exf5 31. Bg5 f6 32. exf6 gxf6 33. Bh6 Qd6
34. Qxf8+ 1-0

[Event "Znojemska Rotunda 2006"]
[Site "?"]
[Date "2006.08.23"]
[Round "6.15"]
[White "Tran, Adam"]
[Black "Holik, Jakub"]
[Result "1-0"]
[WhiteElo "1459"]
[BlackElo "1414"]
[PlyCount "119"]
[EventDate "2006.08.19"]

1. e4 c5 2. g3 Nc6 3. Nc3 e6 4. Bg2 Nf6 5. d3 d5 6. exd5 exd5 7. a3 Be7 8. Nce2
O-O 9. Nf3 Re8 10. O-O Bd6 11. Bf4 Bxf4 12. Nxf4 Bg4 13. h3 Bf5 14. Re1 Qc7 15.
Rxe8+ Rxe8 16. Nd2 Qe5 17. Rb1 Bd7 18. Nf3 Qe7 19. Qe1 h6 20. Qxe7 Rxe7 21. Re1
Rxe1+ 22. Nxe1 d4 23. h4 b5 24. Nd5 Nxd5 25. Bxd5 Kf8 26. f4 Ne7 27. Be4 Bf5
28. Kf2 Bxe4 29. dxe4 Nc6 30. Ke2 Ke7 31. b3 Kf6 32. a4 b4 33. Nd3 g5 34. hxg5+
hxg5 35. Nxc5 gxf4 36. gxf4 Ke7 37. e5 f6 38. exf6+ Kxf6 39. Kf3 Kf5 40. Nd3
Ne7 41. Nxb4 Ng6 42. Nd3 Ne7 43. b4 Nd5 44. b5 Nb6 45. Nb2 Nd5 46. Nc4 Nxf4 47.
a5 Nd5 48. b6 axb6 49. axb6 Nxb6 50. Nxb6 Ke5 51. Ke2 Kd6 52. Kd3 Kc5 53. Na4+
Kd5 54. Nb6+ Kc5 55. Nc8 Kd5 56. Ne7+ Ke5 57. Nc6+ Kd5 58. Nxd4 Kc5 59. c3 Kd5
60. c4+ 1-0

[Event "Znojemska Rotunda 2006"]
[Site "?"]
[Date "2006.08.24"]
[Round "7.1"]
[White "Maslik, Miroslav"]
[Black "Pokrupa, Marek"]
[Result "1/2-1/2"]
[WhiteElo "2226"]
[BlackElo "2142"]
[PlyCount "99"]
[EventDate "2006.08.19"]

1. d4 Nf6 2. Nf3 g6 3. c4 Bg7 4. Nc3 O-O 5. g3 d6 6. Bg2 Nbd7 7. O-O e5 8. e4
exd4 9. Nxd4 Re8 10. h3 a6 11. Bg5 h6 12. Be3 Rb8 13. Qc1 c5 14. Nde2 b5 15.
cxb5 axb5 16. Bxh6 b4 17. Bxg7 Kxg7 18. Na4 Nxe4 19. Rd1 Bb7 20. Qf4 Qe7 21.
Bxe4 Qxe4 22. Qxe4 Rxe4 23. Rxd6 Rxe2 24. Rxd7 Bc6 25. Ra7 Rbe8 26. g4 Bxa4 27.
Rxa4 Rxb2 28. Rc1 Ree2 29. Rxc5 Rxf2 30. Rxb4 Rg2+ 31. Kh1 Rh2+ 32. Kg1 Rbg2+
33. Kf1 Rxa2 34. Kg1 Rxh3 35. Rf4 Rb3 36. g5 Rg3+ 37. Kf1 Rd3 38. Rf2 Rdd2 39.
Rxd2 Rxd2 40. Re5 Kf8 41. Kg1 Rc2 42. Kf1 Kg7 43. Kg1 Kf8 44. Kf1 Rh2 45. Kg1
Rd2 46. Kf1 Ra2 47. Kg1 Ra8 48. Kf2 Re8 49. Rxe8+ Kxe8 50. Ke2 1/2-1/2

[Event "Znojemska Rotunda 2006"]
[Site "?"]
[Date "2006.08.24"]
[Round "7.2"]
[White "Adam, Petr sen"]
[Black "Skaroupka, Jiri"]
[Result "0-1"]
[WhiteElo "2102"]
[BlackElo "2161"]
[PlyCount "48"]
[EventDate "2006.08.19"]

1. d4 Nc6 2. Nf3 d6 3. Bg5 h6 4. Bh4 g6 5. e4 Bg7 6. c3 Nf6 7. Nbd2 O-O 8. Be2
Nh5 9. Bg3 e5 10. dxe5 dxe5 11. Qc2 b6 12. Bb5 Nxg3 13. Bxc6 Nxh1 14. Bxa8 Qf6
15. Bd5 g5 16. Nb3 g4 17. O-O-O gxf3 18. g3 Nxf2 19. Qxf2 Ba6 20. Nd2 Be2 21.
Re1 Rd8 22. h4 h5 23. Kc2 c6 24. Bc4 Rxd2+ 0-1